Πολιτικός : ή περί της βασιλείας

Αποθηκεύτηκε σε:
Λεπτομέρειες βιβλιογραφικής εγγραφής
Κύριος συγγραφέας: Πλάτων, 428 ή 7-348 ή 7 π.Χ
Άλλοι συγγραφείς: Περδικίδης, Ορέστης (Μεταφραστής)
Μορφή: Βιβλίο
Γλώσσα:Greek
Ancient Greek
Δημοσίευση: Αθήνα : Κάκτος, 1993.
Σειρά:Έλληνες (Εκδόσεις Κάκτος) 176
Θέματα:
Ετικέτες: Προσθήκη ετικέτας
Δεν υπάρχουν, Καταχωρήστε ετικέτα πρώτοι!

MARC

LEADER 00000cam a2200000 i 4500
001 1/3811
008 000601s1993 gr ||||| ||||||| ||gre d
035 |l 10060931 
040 |a GR-MY-UA  |b gre  |e aacr 
041 0 |a gre  |a grc 
082 0 |a 180.938 
100 0 |a Πλάτων,   |d 428 ή 7-348 ή 7 π.Χ. 
245 1 0 |a Πολιτικός :   |b ή περί της βασιλείας /   |c Πλάτων ; εισαγωγή-μετάφραση-σχόλια Ορέστης Περδικίδης.  
260 |a Αθήνα :   |b Κάκτος,   |c 1993.  
300 |a 274 σ. ;   |c 20 εκ.  
490 1 |a (Οι Έλληνες ;   |v  176)  
504 |a Περιέχει βιβλιογραφία.  
650 0 0 |a Philosophy, Ancient. 
700 1 |a Περδικίδης, Ορέστης,  |e trl 
830 0 |a Έλληνες (Εκδόσεις Κάκτος)  |v  176  
852 |a INST  |b LESVOS  |e 20000601  |h 180.938 ΠΛΑ  |p 005100026426  |q 005100026426  |t BK  |y 0 
901 |a BIBL1-2000-1 
909 |a Λ  |b 072023 
922 |a 1ΕΛΗ  |b 199912  |c ΤΑΚ/ΚΥΒ  |d ΠΑΠΑΣΩΤΗΡΙΟΥ 
950 |a 023-1999-12-06 
970 |a ΤΖΑΦΕΡΗ  |b ΕΥΑΓΓΕΛΙΑ  |z 2000/05/23